| 000 | 00489nam a22001697a 4500 | ||
|---|---|---|---|
| 003 | 0 | ||
| 005 | 20160609170152.0 | ||
| 008 | 101208t xxu||||| |||| 00| 0 eng d | ||
| 040 |
_aBUAC _cBEPAC |
||
| 100 |
_aDjidonou , Rodrigue S. S. _911954 |
||
| 130 |
_lfr _911955 |
||
| 245 | _aIntéret des tests de confirmation dans le diagnostic de l'Hepathite B | ||
| 260 |
_aEPAC-UAC _bEPAC-UAC _c2006-2007 |
||
| 300 | _a60p. | ||
| 650 |
_aTESTS DE CONFIRMATION _bHEPATHITE B _911956 |
||
| 942 | _cTHE | ||
| 999 |
_c48463 _d48463 |
||